Atatürk ve kooperatifçilik (Record no. 7481)

MARC details
000 -BAŞLIK
Sabit Uzunlukta Kontrol Alanı 00694na a2200229 4500
001 - KONTROL NUMARASI
Denetim Alanı 20636
003 - KONTROL NUMARASI IDENTIFIER
Denetim Alanı MIRAKIL
005 - SON İŞLEM TARİHİ VE ZAMANI
Denetim Alanı 20181213155140.0
008 - SABİT-BOY VERİ ELEMANLARI - GENEL BİLGİLER
Sabit Uzunlukta Kontrol Alanı 170125b tu 000 0
040 ## - KATALOGLAMA KAYNAK
Orijinal Kataloglama Ajansı Milas
Kataloglama Dili tur
Metne Dönüştürmek Ajansı TR-AnCHP
041 ## - DİL KODU
Metin / Ses Parça Veya Ayrı Başlığın Dil Kodu tur
082 ## - DEWEY ONLU SINIFLANDIRMA NUMARASI
Sınıflandırma Numarası ATA 334.09561
Ürün Numarası T24a [t.y.]
090 ## - SINIFLAMA NUMARASI
Sınıflama Numarası ATA 334.09561 T24a [t.y.]
100 ## - ANA GİRİŞ - KİŞİSEL İSİM
Kişisel Ad Taluğ, Cemal
245 ## - BAŞLIK TABLOSU
Başlık Atatürk ve kooperatifçilik
Sorumluluk Tablosu, Vb Cemal Taluğ
260 ## - YAYIN, DAĞITIM, VB
Yayın, Dağıtım, Vb Yeri Ankara
Yayıncı, Dağıtıcı, Vs Adı Yol-Koop Yayınları
Yayın, Dağıtım, Vb Tarihi [t.y.]
300 ## - FİZİKSEL TANIM
Kapsam x, 105 s.
Boyutlar 20 sm.
490 ## - SERİSİ TABLOSU
Seri Beyanı Yol-Koop Yayınları
Hacim / Ardışık Tanımı 6
600 ## - KONU KATMA GİRİŞ - KURUMSAL ADI
Kişisel Ad Atatürk, Mustafa Kemal
Bir Adıyla İlişkilendirilen Tarihler 1881-1938
Genel Alt Bölümü Ekonomik görüşler
650 ## - KONU KATMA GİRİŞ - TOPİKAL DÖNEM
Topikal Süreli Veya Coğrafi Ad Giriş Elemanı Kooperatifçilik
Genel Alt Bölümü Tarih
Kronolojik Alt Bölümü Milli Mücadele Dönemi
942 ## - EKLENDİ GİRİŞ ELEMANLARI (KOHA)
Sınıflandırma Veya Raf Düzeni Kaynak Dewey Decimal Classification
Koha Öğesi Türü Books
999 ## - SİSTEM KONTROL NUMARALARI (KOHA)
Koha Biblionumber 7481
Koha Biblioitemnumber 7481
Holdings
Kalıcı Konum Mevcut Konum Edinme Tarihi Edinim Kaynak Toplam Check-Out'Lar Tam Çağrı Numarası Barkod Tarih Son Görülme İtibaren Geçerli Fiyatlar Koha Öğesi Türü
CHP Kütüphanesi CHP Kütüphanesi 01/25/2017 Bağış   ATA 334.09561 T24a [t.y.] 012620 01/25/2017 01/25/2017 Books